[Event "Titled Tue 10th Jun Early"]
[Site "chess.com INT"]
[Date "2025.06.10"]
[Round "3"]
[White "Vedant, Nitin Vekhande"]
[Black "Schut, Han"]
[Result "1/2-1/2"]
[WhiteTitle "CM"]
[BlackTitle "CM"]
[WhiteElo "2167"]
[BlackElo "2088"]
[WhiteFideId "45073449"]
[BlackFideId "1005561"]
[EventDate "2025.06.10"]

1. e4 c5 2. Nf3 d6 3. d4 cxd4 4. Nxd4 Nf6 5. Nc3 a6 6. Be2 e5 7. Nb3 Be7 8. O-O
Be6 9. f4 Qc7 10. f5 Bc4 11. Kh1 Nbd7 12. Rg1 b5 13. a3 h5 14. Bf3 Rd8 15. Qe1
Nb6 16. Be3 Ng4 17. Na5 Nxe3 18. Qxe3 d5 19. exd5 Nxd5 20. Nxd5 Bxd5 21. Bxd5
Rxd5 22. Qf3 Rc5 23. b4 Rxc2 24. Rad1 O-O 25. Qxh5 Bf6 26. Rd3 Rc3 27. Rxc3 Qxc3
28. Nb7 Qxa3 29. Nc5 Qxb4 30. Nd7 Qa3 31. Nxf6+ gxf6 32. Rf1 Qd3 33. Qg4+ Kh8
34. Qh4+ Kg8 35. Qg4+ Kh8 36. Qh4+ Kg8 37. Qg4+ 1/2-1/2

[Event "Titled Tue 10th Jun Early"]
[Site "chess.com INT"]
[Date "2025.06.10"]
[Round "3"]
[White "Srihari, L R"]
[Black "Punin, Andrii"]
[Result "1-0"]
[WhiteTitle "IM"]
[BlackTitle "FM"]
[WhiteElo "2480"]
[BlackElo "2289"]
[WhiteFideId "46617116"]
[BlackFideId "14112639"]
[EventDate "2025.06.10"]

1. d4 Nf6 2. Nf3 e6 3. e3 b6 4. Bd3 Bb7 5. O-O d5 6. Nbd2 c5 7. c3 Be7 8. Qe2
O-O 9. dxc5 Bxc5 10. e4 dxe4 11. Nxe4 Nbd7 12. Bg5 Be7 13. Rad1 Nxe4 14. Bxe4
Bxe4 15. Qxe4 Bxg5 16. Nxg5 Qxg5 17. Rxd7 Qb5 18. Rd2 Rad8 19. Rfd1 Rxd2 20.
Rxd2 g6 21. h3 Qa5 22. a3 Qb5 23. Qd4 f6 24. Qd6 Qe8 25. Re2 Kf7 26. Rd2 Qe7 27.
Qd3 Re8 28. Qd4 Qc7 29. Qa4 Re7 30. Rd4 h5 31. Qd1 e5 32. Rd3 e4 33. Rd8 e3 34.
Qd5+ Kg7 35. fxe3 Qg3 36. Qg8+ Kh6 37. Qf8+ Rg7 38. Qxf6 Qxe3+ 39. Kh2 Kh7 40.
a4 Qc1 41. Qf8 Kh6 42. Rd7 1-0

[Event "Titled Tue 10th Jun Early"]
[Site "chess.com INT"]
[Date "2025.06.10"]
[Round "3"]
[White "Sturt, Raven"]
[Black "Carlsen, Magnus"]
[Result "0-1"]
[WhiteTitle "GM"]
[BlackTitle "GM"]
[WhiteElo "2459"]
[BlackElo "2837"]
[WhiteFideId "2007304"]
[BlackFideId "1503014"]
[EventDate "2025.06.10"]

1. f4 Nh6 2. Nf3 g6 3. d3 d5 4. Qd2 d4 5. e4 dxe3 6. Qc3 f6 7. Bxe3 Nc6 8. d4
Nf5 9. Bb5 Qd5 10. Bc4 Qe4 11. Kf2 Nxe3 12. Qxe3 Qxe3+ 13. Kxe3 Bh6 14. g3 e5
15. Nc3 exf4+ 16. Kf2 Bg4 17. Rae1+ Kd7 18. Ne4 Raf8 19. c3 Kc8 20. Nc5 Nd8 21.
Re7 Re8 22. Rhe1 fxg3+ 23. Kxg3 Rxe7 24. Rxe7 Bf8 25. Re1 Bf5 26. Nh4 Bd6+ 27.
Kf3 Bh3 28. Ne4 Bd7 29. Nxd6+ cxd6 30. Re7 g5 31. Ng2 Bc6+ 32. Kf2 f5 33. Ne3
Bd7 34. Bd5 b5 35. Rg7 f4 36. Ng2 h6 37. h4 Be6 38. Be4 Rg8 39. Rh7 Rf8 40. Rxh6
g4 41. Ne1 d5 42. Bd3 f3 0-1

[Event "Titled Tue 10th Jun Early"]
[Site "chess.com INT"]
[Date "2025.06.10"]
[Round "3"]
[White "Becking, Stephan"]
[Black "Hemam, Moulaye Brahim"]
[Result "1-0"]
[WhiteTitle "IM"]
[BlackTitle "CM"]
[WhiteElo "2410"]
[BlackElo "1956"]
[WhiteFideId "4632478"]
[BlackFideId "19600054"]
[EventDate "2025.06.10"]

1. d4 Nf6 2. Nf3 g6 3. c3 Bg7 4. Bg5 O-O 5. Nbd2 d6 6. e3 h6 7. Bh4 Nc6 8. Bd3
e5 9. Qb3 exd4 10. cxd4 Rb8 11. Bxg6 Na5 12. Qa4 fxg6 13. Qxa5 g5 14. Bg3 a6 15.
Rc1 b6 16. Qc3 c5 17. O-O Nh5 18. Qc4+ Kh8 19. dxc5 Nxg3 20. hxg3 bxc5 21. b3
Rb4 22. Qd3 a5 23. Rfd1 Bf5 24. e4 Bg4 25. Nc4 Bxf3 26. gxf3 Qf6 27. Kg2 a4 28.
Rc2 axb3 29. axb3 Rfb8 30. Qxd6 Rxb3 31. Qxf6 Bxf6 32. Ne3 Bd4 33. Nf5 Rd8 34.
Rcd2 h5 35. Nxd4 cxd4 36. Rxd4 Rxd4 37. Rxd4 Kg7 38. Rd6 Rb1 39. e5 Re1 40. f4
g4 41. Rd3 Kg6 42. Re3 Rc1 43. e6 Rc8 44. e7 Re8 45. Re5 Kf6 46. Rxh5 Rxe7 47.
Rg5 Re2 48. Rxg4 1-0

[Event "Titled Tue 10th Jun Early"]
[Site "chess.com INT"]
[Date "2025.06.10"]
[Round "3"]
[White "Ugarte Soto, Cesar"]
[Black "Perossa, Nicolas"]
[Result "0-1"]
[WhiteTitle "CM"]
[BlackTitle "FM"]
[WhiteElo "2088"]
[BlackElo "2286"]
[WhiteFideId "3601331"]
[BlackFideId "2850520"]
[EventDate "2025.06.10"]

1. d4 Nf6 2. Bf4 g6 3. e3 Bg7 4. h3 O-O 5. Nf3 d6 6. Be2 Nbd7 7. Nbd2 b6 8. O-O
Bb7 9. c3 Qe8 10. Bh2 e5 11. a4 Ne4 12. dxe5 dxe5 13. a5 Ndc5 14. Qc2 Rd8 15.
Rfd1 Nxd2 16. Rxd2 Qc6 17. axb6 Rxd2 18. Qxd2 Nb3 19. Qd1 Nxa1 20. Qxa1 axb6 21.
Bf1 Qd5 22. Qa3 Ra8 23. Qe7 Qd6 24. Qg5 Ra1 25. Bxe5 Rxf1+ 26. Kxf1 Qd1+ 27. Ne1
Ba6+ 28. Kg1 Qxe1+ 29. Kh2 Qd2 30. Bxc7 Qd7 31. Qd8+ Qxd8 32. Bxd8 b5 33. Be7
Bb7 34. f4 Bf8 35. Bf6 Bc5 36. Bd4 Bxd4 37. exd4 Kg7 38. g4 Kf6 39. h4 Ke6 40.
Kg3 Kd5 41. f5 Ke4 42. fxg6 fxg6 43. g5 Bd5 44. Kg4 Be6+ 45. Kg3 Ke3 46. h5 gxh5
47. Kh4 Bf7 48. b3 Bxb3 49. Kxh5 Kd3 50. Kh6 Kxc3 51. Kxh7 Kxd4 52. g6 Bc2 53.
Kh6 Bxg6 54. Kxg6 b4 0-1

[Event "Titled Tue 10th Jun Early"]
[Site "chess.com INT"]
[Date "2025.06.10"]
[Round "3"]
[White "Ferguson, Randal"]
[Black "Terlouw, Wouter"]
[Result "0-1"]
[BlackTitle "CM"]
[WhiteElo "2058"]
[BlackElo "2196"]
[WhiteFideId "30903106"]
[BlackFideId "1087401"]
[EventDate "2025.06.10"]

1. Nc3 g6 2. d4 Bg7 3. e4 d6 4. Bg5 h6 5. Bh4 Nd7 6. Nf3 c5 7. dxc5 Nxc5 8. Bb5+
Bd7 9. Bxd7+ Qxd7 10. O-O Nf6 11. e5 dxe5 12. Nxe5 Qxd1 13. Raxd1 O-O 14. Nd3
Nxd3 15. Rxd3 g5 16. Bg3 Rac8 17. Rfd1 e6 18. Be5 a6 19. f3 b5 20. a3 Rc5 21.
Bd6 Rfc8 22. Bxc5 Rxc5 23. Kf1 Nh5 24. g3 a5 25. R1d2 Nf6 26. Ne4 Nxe4 27. fxe4
Bxb2 28. Ke2 Rc4 29. Kf3 Kg7 30. Rb3 Bc3 31. Re2 b4 32. axb4 Bxb4 33. c3 Bxc3
34. Rc2 g4+ 35. Ke3 Bd4+ 36. Kd3 Rxc2 37. Kxc2 Bg1 38. Kd3 Bxh2 39. Kd4 a4 40.
Ra3 Kg6 41. e5 h5 42. Ke4 Kg5 43. Rxa4 Bxg3 44. Ra7 Kg6 45. Ra5 h4 46. Ra8 Kg7
47. Ra3 Bh2 48. Ra2 g3 49. Kf3 h3 50. Ra4 g2 51. Rg4+ Kf8 52. Kf2 Bxe5 0-1

[Event "Titled Tue 10th Jun Early"]
[Site "chess.com INT"]
[Date "2025.06.10"]
[Round "3"]
[White "Risteski, Emil"]
[Black "Mummana Venkata Ruthvik"]
[Result "1-0"]
[WhiteTitle "IM"]
[BlackTitle "CM"]
[WhiteElo "2374"]
[BlackElo "2237"]
[WhiteFideId "15005267"]
[BlackFideId "25697307"]
[EventDate "2025.06.10"]

1. g3 Nf6 2. Bg2 g6 3. d3 Bg7 4. e4 O-O 5. Nh3 d6 6. O-O c5 7. f4 Nc6 8. Nf2 e5
9. Nc3 Be6 10. f5 gxf5 11. Bg5 h6 12. Bh4 Qd7 13. exf5 Bxf5 14. Bxf6 Bxf6 15.
Nfe4 Bg7 16. Nd5 Bxe4 17. dxe4 Ne7 18. Nxe7+ Qxe7 19. Qh5 Qe6 20. Rf5 Qg6 21.
Qf3 f6 22. Bf1 Kh8 23. Bc4 Rab8 24. a4 b6 25. Bd5 a6 26. b3 Qe8 27. Rh5 Qg6 28.
Rf5 Rfe8 29. Qe2 b5 30. axb5 axb5 31. Ra5 Red8 32. Ra7 Qe8 33. Qg4 Rd7 34. Bc6
Rxa7 35. Bxe8 Rxe8 36. Qd1 Rd8 37. Kg2 Rad7 38. Qe2 d5 39. exd5 Rxd5 40. Qxb5
Rd2+ 41. Rf2 Bf8 42. Qc4 Kg7 43. h4 R8d4 44. Qc3 e4 45. Rxd2 1-0

[Event "Titled Tue 10th Jun Early"]
[Site "chess.com INT"]
[Date "2025.06.10"]
[Round "3"]
[White "Nakhbayeva, Guliskhan"]
[Black "Lee, Junhyeok"]
[Result "0-1"]
[WhiteTitle "IM"]
[BlackTitle "IM"]
[WhiteElo "2326"]
[BlackElo "2434"]
[WhiteFideId "13704788"]
[BlackFideId "13202340"]
[EventDate "2025.06.10"]

1. c4 g6 2. Nc3 Bg7 3. d4 Nf6 4. e4 d6 5. Nge2 O-O 6. Ng3 h5 7. h4 Nc6 8. d5 Ne5
9. Be2 e6 10. Bg5 exd5 11. cxd5 c6 12. O-O Re8 13. Qd2 c5 14. Rae1 a6 15. f4
Ned7 16. a4 Qa5 17. Bd3 c4 18. Bb1 b5 19. axb5 axb5 20. e5 Qb6+ 21. Kh1 dxe5 22.
f5 e4 23. fxg6 fxg6 24. Ngxe4 Nxe4 25. Rxe4 Ne5 26. Bf6 Bf5 27. Rxe5 Rxe5 28.
Bxe5 Bxe5 29. Bxf5 gxf5 30. Qg5+ Bg7 31. Qxf5 Rf8 32. Qb1 Rxf1+ 33. Qxf1 Qd8 34.
Qd1 Qxh4+ 35. Kg1 Bd4+ 36. Kf1 Qf2# 0-1

[Event "Titled Tue 10th Jun Early"]
[Site "chess.com INT"]
[Date "2025.06.10"]
[Round "3"]
[White "Azizoglu, Ferzan"]
[Black "Birkisson, Bardur Orn"]
[Result "0-1"]
[BlackTitle "FM"]
[WhiteElo "2055"]
[BlackElo "2280"]
[WhiteFideId "6302726"]
[BlackFideId "2310597"]
[EventDate "2025.06.10"]

1. e4 e5 2. Bc4 Nf6 3. d3 c6 4. Bb3 Bc5 5. Nf3 d6 6. O-O Bg4 7. Nbd2 Nbd7 8. Re1
Qe7 9. Nf1 h6 10. Ne3 Be6 11. c3 Bb6 12. d4 exd4 13. cxd4 Nxe4 14. d5 cxd5 15.
Bxd5 Ndf6 16. Bxe4 Nxe4 17. Nd5 Bxd5 18. Qxd5 Bxf2+ 19. Kf1 Bxe1 20. Bf4 Bb4 21.
Qb5+ Kf8 22. Qxb4 d5 23. Qd4 Qc5 24. Qxc5+ Nxc5 25. Bd6+ Kg8 26. Bxc5 Rc8 27.
Bd4 b6 28. Re1 Kh7 29. Re7 Rc1+ 30. Kf2 Rf8 31. Rxa7 f6 32. h4 h5 33. Kg3 Kg6
34. Rb7 Rc2 35. Rxb6 Re8 0-1

[Event "Titled Tue 10th Jun Early"]
[Site "chess.com INT"]
[Date "2025.06.10"]
[Round "3"]
[White "Yang, Daniel"]
[Black "Alonso, Raphael V. P. Patricio"]
[Result "1-0"]
[WhiteTitle "CM"]
[WhiteElo "2198"]
[BlackElo "2130"]
[WhiteFideId "30976340"]
[BlackFideId "2108585"]
[EventDate "2025.06.10"]

1. Nf3 g6 2. e4 Bg7 3. d4 d6 4. Bd3 Bg4 5. c3 Nd7 6. O-O e5 7. d5 Ne7 8. h3 Bxf3
9. Qxf3 O-O 10. c4 f5 11. Qe2 Nc5 12. Bc2 Nxe4 13. Bxe4 fxe4 14. Qxe4 c5 15. Nc3
Nf5 16. Be3 a6 17. a3 Qc7 18. Rac1 Rfc8 19. Ne2 Rab8 20. b4 b6 21. g4 Nd4 22.
Bxd4 exd4 23. Nf4 Re8 24. Ne6 Qf7 25. bxc5 bxc5 26. Rb1 a5 27. Kg2 h6 28. Rxb8
Rxb8 29. Rb1 Re8 30. Rb5 a4 31. Qc2 Rxe6 32. dxe6 Qxe6 33. Qd3 Kh7 34. Ra5 Qd7
35. Qe4 Qf7 36. Qd3 Be5 37. Rxa4 Qb7+ 38. Qf3 Qd7 39. Ra8 Qg7 40. Rb8 Bf6 41.
Rb7 Be7 42. Qe4 1-0

[Event "Titled Tue 10th Jun Early"]
[Site "chess.com INT"]
[Date "2025.06.10"]
[Round "3"]
[White "Kapra, Jerjis"]
[Black "Bratovic, Blaz"]
[Result "1/2-1/2"]
[BlackTitle "IM"]
[WhiteElo "2055"]
[BlackElo "2319"]
[WhiteFideId "2640341"]
[BlackFideId "14603551"]
[EventDate "2025.06.10"]

1. e4 c5 2. Nc3 d6 3. Bb5+ Bd7 4. Bxd7+ Nxd7 5. d4 cxd4 6. Qxd4 Ngf6 7. Bg5 a6
8. O-O-O e6 9. Nf3 Be7 10. e5 dxe5 11. Nxe5 Nxe5 12. Qxe5 Qb8 13. Qxb8+ Rxb8 14.
f3 Rd8 15. Rxd8+ Bxd8 16. Rd1 h6 17. Bxf6 Bxf6 18. Ne4 Ke7 19. Nxf6 gxf6 20. c4
Rg8 21. Rd2 h5 22. b4 h4 23. Kb2 f5 24. Kb3 f4 25. c5 h3 26. gxh3 Rh8 27. Rf2
Rxh3 28. Kc4 f5 29. a4 e5 30. Kd5 Kf6 31. b5 axb5 32. axb5 Rh8 33. c6 Rd8+ 34.
Kc5 bxc6 35. bxc6 Rd1 36. c7 Rc1+ 37. Kb6 Ke7 38. Re2 e4 39. fxe4 f3 40. Re3 f2
41. exf5+ Kd7 42. Rd3+ Ke7 43. f6+ Kf7 44. Rf3 Rb1+ 45. Kc6 Rc1+ 46. Kd6 Rd1+
47. Ke5 Re1+ 48. Kd4 Rd1+ 49. Ke3 Rc1 50. Rxf2 Rxc7 51. Ke4 Rc4+ 52. Ke5 Rh4 53.
Kd5 Rh5+ 54. Kd6 Rh6 55. Ke5 Rh5+ 56. Ke4 Rh6 57. Ke5 Rh5+ 58. Kd6 Rh6 59. Ke5 1/2-1/2

[Event "Titled Tue 10th Jun Early"]
[Site "chess.com INT"]
[Date "2025.06.10"]
[Round "3"]
[White "Harshavardhan, G B"]
[Black "Gubatayev, Ahmet"]
[Result "1-0"]
[WhiteTitle "IM"]
[BlackTitle "CM"]
[WhiteElo "2472"]
[BlackElo "2191"]
[WhiteFideId "25059009"]
[BlackFideId "14004526"]
[EventDate "2025.06.10"]

1. Nf3 d5 2. g3 Nf6 3. Bg2 e6 4. O-O Be7 5. d3 O-O 6. Nbd2 c5 7. a4 Nc6 8. e4 d4
9. Ne1 e5 10. h3 a6 11. f4 Rb8 12. f5 h6 13. g4 b5 14. axb5 axb5 15. Nef3 Nh7
16. Rf2 Bb7 17. Nf1 c4 18. Ng3 Rc8 19. Nh5 Kh8 20. Qd2 Bb4 21. Qe2 Be7 22. Bd2
Ra8 23. Raf1 Ra2 24. Bc1 Ra1 25. Kh2 cxd3 26. cxd3 Ra2 27. Kg3 b4 28. h4 g6 29.
Bxh6 gxh5 30. Bxf8 Qxf8 31. g5 f6 32. g6 Qg7 33. Ne1 Nf8 34. Qxh5+ Kg8 35. Bf3
b3 36. Bd1 Na5 37. Nf3 Ra1 38. Kh2 Rc1 39. Nd2 Ba6 40. Nxb3 Rxd1 41. Qxd1 Nc6
42. Qd2 Nb4 43. Nc1 Bb5 44. h5 Qh8 45. h6 Nd7 46. Kg3 Bf8 47. Rh1 Be7 48. h7+
Kf8 49. Qh6+ Ke8 50. g7 1-0

[Event "Titled Tue 10th Jun Early"]
[Site "chess.com INT"]
[Date "2025.06.10"]
[Round "3"]
[White "Saiz Rodriguez, Daniel Evelio"]
[Black "Shukhman, Anna"]
[Result "0-1"]
[WhiteTitle "FM"]
[BlackTitle "WGM"]
[WhiteElo "2187"]
[BlackElo "2413"]
[WhiteFideId "3523420"]
[BlackFideId "54180058"]
[EventDate "2025.06.10"]

1. c4 e5 2. Nc3 Nc6 3. Nf3 f5 4. g3 Nf6 5. Bg2 Be7 6. d4 e4 7. Ne5 d6 8. Nxc6
bxc6 9. d5 c5 10. f3 O-O 11. O-O exf3 12. exf3 Nd7 13. f4 Bf6 14. Be3 Nb6 15.
Qd3 Re8 16. Bf2 a5 17. a4 Bd7 18. b3 Qe7 19. Rae1 Qf7 20. h3 Qg6 21. Kh2 h5 22.
Nb5 Bxb5 23. cxb5 Re7 24. Re6 Rae8 25. Rfe1 Nd7 26. Bf3 Qh7 27. Rxe7 Rxe7 28.
Rxe7 Bxe7 29. Qe2 Kf8 30. Bxh5 g6 31. Bf3 Qf7 32. Qc4 Nb6 33. Qc3 Qf6 34. Qxa5
Qb2 35. Kg2 Bf6 36. Qe1 Qxb3 37. a5 Nc4 38. a6 Qxb5 39. a7 Qa4 40. Qe6 Kg7 0-1

[Event "Titled Tue 10th Jun Early"]
[Site "chess.com INT"]
[Date "2025.06.10"]
[Round "3"]
[White "Aslanov, Umid"]
[Black "Devagharan, Devina"]
[Result "1-0"]
[WhiteTitle "FM"]
[BlackTitle "WFM"]
[WhiteElo "2298"]
[BlackElo "1860"]
[WhiteFideId "13412620"]
[BlackFideId "2061600"]
[EventDate "2025.06.10"]

1. e4 c6 2. d4 d5 3. Nd2 dxe4 4. Nxe4 Nf6 5. Nxf6+ exf6 6. c3 Bd6 7. Bd3 O-O 8.
Qc2 Re8+ 9. Ne2 g6 10. O-O Nd7 11. Be3 Qc7 12. h3 f5 13. Qc1 Nf6 14. Bf4 Nd5 15.
Bxd6 Qxd6 16. a3 Be6 17. c4 Nf6 18. Rd1 Rad8 19. Qg5 Kg7 20. Qd2 Qc7 21. Qc3 Bc8
22. g3 Ne4 23. Bxe4 fxe4 24. Nf4 Kg8 25. d5 cxd5 26. Nxd5 Rxd5 27. cxd5 Qd7 28.
g4 h5 29. Qg3 e3 30. fxe3 hxg4 31. hxg4 Re4 32. Rd4 Rxd4 33. exd4 Qxd5 34. Qe5
Qf3 35. Qe8+ Kh7 36. Qxc8 Qe3+ 37. Kg2 Qe2+ 38. Kg3 Qe3+ 39. Kg2 Qe2+ 40. Kg1
Qe3+ 41. Kf1 1-0

[Event "Titled Tue 10th Jun Early"]
[Site "chess.com INT"]
[Date "2025.06.10"]
[Round "3"]
[White "Santos, Antonio P"]
[Black "Tleukhanov, Yerlan"]
[Result "1-0"]
[WhiteTitle "FM"]
[BlackTitle "FM"]
[WhiteElo "2165"]
[BlackElo "2296"]
[WhiteFideId "1900161"]
[BlackFideId "13749692"]
[EventDate "2025.06.10"]

1. d4 Nf6 2. c4 b6 3. Nc3 Bb7 4. Qc2 d5 5. cxd5 Nxd5 6. e4 Nxc3 7. bxc3 e6 8.
Bd3 c5 9. Nf3 Nc6 10. O-O Rc8 11. Qe2 cxd4 12. cxd4 Nxd4 13. Nxd4 Qxd4 14. Bb2
Qd7 15. Rfd1 Qc7 16. Bb5+ Bc6 17. Rac1 Bc5 18. Bxg7 Rg8 19. Bxc6+ Qxc6 20. Bd4
Ke7 21. Bxc5+ bxc5 22. Rc4 Rg5 23. g3 h5 24. h4 Rg4 25. Rdc1 Qd6 26. Qe3 Rcg8
27. Qxc5 Rxe4 28. Qxa7+ Kf6 29. Rxe4 Rxg3+ 30. Kf1 Qd3+ 31. Re2 Rg4 32. Qe3 Qf5
33. Qc3+ Ke7 34. Qe5 Qf3 35. Rc7+ Kf8 36. Qh8+ Rg8 37. Rc8+ Ke7 38. Qxg8 Qh1+
39. Qg1 Qxh4 40. Rc7+ Kd8 41. Rec2 Qd4 42. Qg8# 1-0

[Event "Titled Tue 10th Jun Early"]
[Site "chess.com INT"]
[Date "2025.06.10"]
[Round "3"]
[White "Gulevich, Artem"]
[Black "Spector, Sebastian"]
[Result "1-0"]
[WhiteTitle "FM"]
[BlackTitle "CM"]
[WhiteElo "2304"]
[BlackElo "2158"]
[WhiteFideId "24119580"]
[BlackFideId "116734"]
[EventDate "2025.06.10"]

1. Nf3 Nf6 2. b3 g6 3. Bb2 Bg7 4. d4 O-O 5. e3 d5 6. Be2 Bf5 7. O-O Nbd7 8. Nbd2
Ne4 9. Nxe4 Bxe4 10. Nd2 Bf5 11. c4 c6 12. b4 dxc4 13. Nxc4 Nb6 14. Na5 Qd7 15.
a3 Rfd8 16. Qc1 Rac8 17. Rd1 h5 18. Nb3 Na4 19. Nc5 Nxc5 20. dxc5 Qe6 21. Bxg7
Kxg7 22. Qc3+ Qf6 23. Qxf6+ Kxf6 24. Kf1 Bc2 25. Rxd8 Rxd8 26. Ra2 Ba4 27. Ke1
h4 28. Rd2 Rxd2 29. Kxd2 g5 30. g3 e5 31. Bg4 b6 32. cxb6 axb6 33. Kc3 Ke7 34.
f4 f6 35. Kc4 Kd6 36. Bf3 hxg3 37. hxg3 exf4 38. exf4 gxf4 39. gxf4 c5 40. bxc5+
bxc5 41. Be4 Bd1 42. Kb5 Be2+ 43. Ka5 Kc7 44. a4 Bf1 45. Bd5 Bd3 46. Bf3 Bf1 47.
Be4 Be2 48. Bd5 Bd3 49. Bf3 f5 50. Bd5 Be4 51. Bc4 Bc6 52. Bb5 Bd5 53. Bd3 Be4
54. Bc4 Bc6 55. Be6 Be4 56. Kb5 Kd6 57. Bc4 Bc6+ 58. Ka5 Bd5 59. Bb5 Bc6 60. Kb6
Bd5 61. a5 c4 62. a6 c3 63. Bd3 Be4 64. a7 1-0

[Event "Titled Tue 10th Jun Early"]
[Site "chess.com INT"]
[Date "2025.06.10"]
[Round "3"]
[White "Atis, Hasan"]
[Black "Mekhitarian, Krikor Sevag"]
[Result "1-0"]
[WhiteTitle "CM"]
[BlackTitle "GM"]
[WhiteElo "2089"]
[BlackElo "2564"]
[WhiteFideId "44598017"]
[BlackFideId "2107660"]
[EventDate "2025.06.10"]

1. e4 c5 2. Nf3 Nc6 3. d4 cxd4 4. Nxd4 Nf6 5. Nc3 e5 6. Ndb5 d6 7. Bg5 a6 8. Na3
b5 9. Nd5 Be7 10. Bxf6 Bxf6 11. c4 b4 12. Nc2 O-O 13. g3 a5 14. Bg2 g6 15. O-O
Bg7 16. Qd3 h5 17. h4 Be6 18. Rad1 Rb8 19. b3 a4 20. Nde3 Qb6 21. Kh2 Rfd8 22.
f4 exf4 23. gxf4 Qa7 24. f5 Ne5 25. Qe2 Bc8 26. Nd5 axb3 27. axb3 Qa2 28. Nd4
Qxe2 29. Nxe2 Bb7 30. fxg6 fxg6 31. Bh3 Bxd5 32. Rxd5 Ra8 33. Nd4 Ra2+ 34. Kh1
Rd2 35. c5 Nd3 36. c6 Nf2+ 37. Rxf2 Rxf2 38. c7 Ra8 39. c8=Q+ Rxc8 40. Bxc8 Rb2
41. Be6+ Kh7 42. Rxd6 Be5 43. Rd7+ Kh6 44. Nf3 Bf6 45. Kg1 Ra2 46. Bg8 g5 47.
hxg5+ Bxg5 48. Rd6+ Kg7 49. Nxg5 Kxg8 50. Nf3 Rb2 51. Nd2 h4 52. Kg2 Kf7 53. Kh3
Ke7 54. Rd5 Ra2 55. Kxh4 1-0

[Event "Titled Tue 10th Jun Early"]
[Site "chess.com INT"]
[Date "2025.06.10"]
[Round "3"]
[White "Sapocinic, Semion"]
[Black "Looi, Xin Hao"]
[Result "0-1"]
[WhiteTitle "FM"]
[BlackTitle "CM"]
[WhiteElo "2296"]
[BlackElo "2009"]
[WhiteFideId "13908693"]
[BlackFideId "5702828"]
[EventDate "2025.06.10"]

1. e4 d5 2. exd5 Qxd5 3. Nc3 Qd8 4. d4 Nf6 5. Nf3 c6 6. Bc4 Bf5 7. Ne5 Bg6 8.
O-O Nbd7 9. Nxg6 hxg6 10. Bf4 e6 11. a4 Nh5 12. Be3 Bd6 13. h3 Rc8 14. Ne4 Bb8
15. Qd2 Qc7 16. f4 Ndf6 17. Ng5 Ng3 18. Rfe1 Nf5 19. Nxe6 fxe6 20. Bxe6 Kf8 21.
Bxc8 Qxc8 22. Bf2 Nd5 23. Re4 Nd6 24. Re2 Nf5 25. Rae1 Kf7 26. Re4 Nd6 27. R4e2
Nf5 28. c4 Nxf4 29. Re4 g5 30. Qe2 Nxe2+ 31. R1xe2 Rh6 32. g4 Nh4 33. Re7+ Kg6
34. d5 cxd5 35. Kf1 dxc4 36. Bd4 Qg8 37. Rd7 Nf3 38. Bc3 Rxh3 39. Ree7 Rh1+ 40.
Kg2 Rh7 41. Kxf3 Qf8+ 42. Ke3 Qf4+ 43. Ke2 Rh2+ 44. Kd1 Qf1+ 45. Be1 Qf3+ 46.
Kc1 Bf4+ 47. Kb1 Qd3+ 48. Ka1 Qxd7 49. Rxd7 Rh1 50. Re7 Bg3 51. Re6+ Kf7 52. Re4
Rxe1+ 53. Ka2 Rxe4 0-1

[Event "Titled Tue 10th Jun Early"]
[Site "chess.com INT"]
[Date "2025.06.10"]
[Round "3"]
[White "Van Baar, Esper"]
[Black "Chen, Yidong"]
[Result "0-1"]
[WhiteTitle "FM"]
[WhiteElo "2232"]
[BlackElo "2074"]
[WhiteFideId "1049321"]
[BlackFideId "8607028"]
[EventDate "2025.06.10"]

1. e4 c5 2. Nc3 d6 3. g3 g6 4. Bg2 Bg7 5. Nge2 Nc6 6. O-O e6 7. d3 Nge7 8. f4 d5
9. exd5 exd5 10. Kh1 O-O 11. Ng1 Be6 12. Nf3 h6 13. Ne2 Qd7 14. d4 b6 15. c3
Rad8 16. Be3 c4 17. Ne5 Nxe5 18. dxe5 Bh3 19. Nd4 Bxg2+ 20. Kxg2 Nf5 21. Nxf5
Qxf5 22. Bd4 Rfe8 23. Qf3 h5 24. Rae1 f6 25. exf6 Rxe1 26. Rxe1 Bxf6 27. Bxf6
Qxf6 28. Re5 Qd6 29. Qe3 Kf7 30. f5 Rd7 31. Re6 Qc5 32. fxg6+ Kg8 33. Re8+ Kg7
34. Qe5+ Kh6 35. Rh8+ Kxg6 36. Qxh5+ Kf6 37. Rf8+ Qxf8 38. Qf3+ Ke7 39. Qe3+ Kd6 0-1

[Event "Titled Tue 10th Jun Early"]
[Site "chess.com INT"]
[Date "2025.06.10"]
[Round "3"]
[White "Galperin, Platon"]
[Black "Germanovs, Georgijs"]
[Result "0-1"]
[WhiteTitle "GM"]
[BlackTitle "CM"]
[WhiteElo "2500"]
[BlackElo "2260"]
[WhiteFideId "14165414"]
[BlackFideId "11609710"]
[EventDate "2025.06.10"]

1. c4 Nf6 2. Nc3 e6 3. e4 d5 4. cxd5 exd5 5. e5 Ne4 6. Nf3 Nxc3 7. dxc3 Be7 8.
Bd3 c5 9. h3 Nc6 10. O-O Be6 11. Re1 O-O 12. Bc2 c4 13. Be3 Qa5 14. Ng5 Bxg5 15.
Bxg5 h6 16. Qh5 d4 17. Bxh6 gxh6 18. Qxh6 d3 19. Re3 Bf5 20. Bd1 Nxe5 21. Qg5+
Ng6 22. Bg4 Rae8 23. Rxe8 Rxe8 24. Qxf5 Qxf5 25. Bxf5 d2 26. Kf1 Nh4 27. Bc2 Kg7
28. Rd1 Re1+ 29. Rxe1 dxe1=Q+ 30. Kxe1 Nxg2+ 31. Kf1 Nf4 32. Bf5 Kf6 33. Bc8 b6
34. h4 Nd3 35. b3 Nc1 36. Ba6 cxb3 37. axb3 Nxb3 38. Bc4 Nd2+ 39. Ke2 Nxc4 40.
Kd3 Ne5+ 41. Kd4 a5 42. Kd5 a4 0-1

[Event "Titled Tue 10th Jun Early"]
[Site "chess.com INT"]
[Date "2025.06.10"]
[Round "3"]
[White "Komov, Roman"]
[Black "Andriienko, Artom"]
[Result "1-0"]
[WhiteTitle "FM"]
[WhiteElo "2239"]
[BlackElo "2151"]
[WhiteFideId "24175714"]
[BlackFideId "34129510"]
[EventDate "2025.06.10"]

1. e4 c5 2. Nf3 d6 3. Bb5+ Nc6 4. O-O Bd7 5. c3 a6 6. Bxc6 Bxc6 7. Re1 e5 8. d4
Qc7 9. Nbd2 Nf6 10. a4 Be7 11. dxe5 dxe5 12. Qc2 O-O 13. Nc4 Nd7 14. a5 Rfd8 15.
Bg5 f6 16. Bh4 b5 17. axb6 Nxb6 18. Nxb6 Qxb6 19. Nxe5 Be8 20. Nc4 Qe6 21. Ne3
Bd6 22. b3 Bg6 23. Nc4 Be5 24. Bg3 Bxg3 25. hxg3 Re8 26. f3 Bf7 27. Qf2 Qe7 28.
Ne3 Rab8 29. Rxa6 Rxb3 30. Nf5 Qc7 31. Rea1 Rb6 32. Ra7 Rb7 33. Rxb7 Qxb7 34.
Nd6 Qc7 35. Nxe8 Bxe8 36. Qd2 Bc6 37. Kh2 h6 38. Rd1 Kh7 39. Qf4 Qb7 40. Qf5+
Kg8 41. Rd8+ Kf7 42. Qh5+ Ke7 43. Rg8 Kd6 44. e5+ fxe5 45. Qg6+ Kd5 46. Rxg7 Qb2
47. Qe4+ Kd6 48. Rg6+ Ke7 49. Qxe5+ 1-0